Sequential steps in planning facilities for health, physical education, recreation, and athletics /

Bibliographic Details
Main Author: Gans, Marvin, 1932-
Format: Thesis Book
Language:English
Published: Logan, Utah : Gans, 1972.
Subjects:

MARC

Tag First Indicator Second Indicator Subfields
LEADER 00000cam a2200000 i 4500
001 in00000213966
005 20151009060551.0
008 740604r19741972oru bb 00010 eng d
035 |a (OCoLC)00907753 
035 |9 AAX3934AM 
040 |a MIA  |c MIA  |d OCL  |d TXA  |d UtOrBLW 
049 |a TXAI 
099 |a fiche  |a C  |a 510 
100 1 |a Gans, Marvin,  |d 1932- 
245 1 0 |a Sequential steps in planning facilities for health, physical education, recreation, and athletics /  |c by Marvin Gans. 
264 1 |a Logan, Utah :  |b Gans,  |c 1972. 
300 |a 150 leaves ;  |c 29 cm. 
336 |a text  |b txt  |2 rdacontent 
337 |a microform  |b h  |2 rdamedia 
338 |a microfiche  |b he  |2 rdacarrier 
500 |a Vita. 
500 |a Microfiche (negative) of typescript. Eugene : Microform Publications, College of Health, Physical Education and Recreation, University of Oregon, 1974. -- 2 sheets ; 10.5 x 14.8 cm. 
502 |c University of Utah  |d 1972. 
504 |a Bibliography: leaves [102]-110. 
500 |a Microform. 
650 0 |a Physical education facilities. 
999 |a MARS 
999 f f |s bcc48079-d7ba-3b96-89f7-00d993ab116d  |i 13c9819c-0c37-3ce6-9694-482ea9a2ec8b  |t 0 
952 f f |p normal  |a Texas A&M University  |b College Station  |c Sterling C. Evans Library  |d Evans: Microforms (3rd floor)  |t 0  |e fiche C 510  |h Other scheme  |i microform -- microfiche  |m A14820622667 
998 f f |a fiche C 510  |t 0  |l Evans: Microforms (3rd floor)